00185nam a22000857a 4500082000800000100001700008245003400025260003200059300000800091 aCAT aCathy Jimmie aBasic electrical engineering  aNew YorkbMcGraw Hillc1987 a298